Mesa económico, científico, técnica

Salvato in:
Dettagli Bibliografici
Ente Autore: Instituto de Cooperación Iberoamericana
Natura: testo
Pubblicazione: Madrid: Huertas
Tags: Aggiungi Tag
Nessun Tag, puoi essere il primo ad aggiungerne!!

MARC

LEADER 00000 a a2200000 04500
001 25450
003
040
090 |a 152512  
110 |a Instituto de Cooperación Iberoamericana  
245 |a Mesa económico, científico, técnica  
260 |a Madrid:   |b Huertas  
300 |a 516 p.   |b il.  
999 |c 12678  |d 12678